00346nam a2200121 a 450000500170000000800410001702000180005805000230007610000240009924500560012326000320017930000130021120140412111427.0090711s19uu xx 00 eng d a0-545-03761-1 aTR(PS EbWh55 2006 aMoore, Mary - Alice aThe Wheels on the School bus /cMary - Alice Moore. aU.S.A :bScholastic,c2007. a1v. unp.